Warrior cats pelt names - Statistics

General Stats
  • This quiz has been taken 98 times
    97 since last reset
  • The average score is 16 of 59
Answer Stats
% Correct
Cinderpelt
76%
Dustpelt
76%
Spottedpelt
53%
Willowpelt
53%
Nightpelt
47%
Brackenpelt
41%
Breezepelt
41%
Fernpelt
41%
Flamepelt
41%
Fuzzypelt
41%
Patch pelt
41%
Patchpelt
41%
Sparrowpelt
41%
Storm pelt
41%
Tawnypelt
41%
Cloudpelt
35%
Honey pelt
35%
ThrushpeltTc
35%
ThrushpeltWc
35%
Featherpelt
29%
Hollypelt
29%
Mistpelt
29%
Raven pelt
29%
ShimmerpeltBrs
29%
ShimmerpeltCrp
29%
Sparkpelt
29%
SunpeltLc
29%
SunpeltSkc
29%
Antpelt
24%
CedarpeltRc
24%
CedarpeltShc
24%
Dawnpelt
24%
Grasspelt
24%
Mosspelt
24%
Raggedpelt
24%
Stonepelt
24%
Sunnypelt
24%
Dappled pelt
18%
Furzepelt
18%
Midgepelt
18%
Mothpelt
18%
Shade pelt
18%
ShadepeltAvos
18%
ShadepeltTpb
18%
Slatepelt
18%
Spiderpelt
18%
Fawnpelt
12%
Frecklepelt
12%
Havenpelt
12%
Lightningpelt
12%
Meadowpelt
12%
Molepelt
12%
SeedpeltFq
12%
SeedpeltMv
12%
SeedpeltPc
12%
Wafflepelt
12%
Whorlpelt
12%
Roughpelt
6%
Softpelt
6%
No matching quizzes found
Score Distribution
Percent of People with Each Score
Percentile by Number Answered
Your Score History
You have not taken this quiz since the last reset